000
00329nam a2200133 a 4500
005
20141022142008.0
008
120228s19uu xx 00 eng d
050
_a
CD-ROM
_b
Ac9 1999
100
_a
Aczel, Amir D.
245
_a
Complete business statistics /
_c
Amir Aczel.
250
_a
4th ed.
260
_c
1999.
942
_c
AVM
999
_c
276605
_d
276605